Responses for Show #8750 - Friday, November 25, 2022

Cris Pannullo game 15.

Contestants

[<< previous game]

Holly Smith, a writer and editor from Toledo, Ohio

Sam Papuha, a graduate student from Edmonton, Alberta, Canada

Cris Pannullo, a customer success operations manager from Ocean City, New Jersey (whose 14-day cash winnings total $487,923)

[next game >>]

Jeopardy! Round responses

LET'S PLAY SPORTS THERE!
(Ken: I'm always saying that.)
DO THE MATH
A GARDEN PARTY
WHETHER YOU'RE A BROTHER OR WHETHER YOU'RE A MOTHER
STAYIN' ALIVE
AH, HA HA "HA"
(Ken: That final "ha" will be the start of each correct response.)
    $200 24
Iowa

Cris
    $200 30
3

Cris
    $200 23
a chalkboard

Cris
    $200 29
(Demi) Moore

Cris
    $200 26
(Holly: What's CO2?)

carbon monoxide

SamHolly
    $200 22
hamlet

Cris
    $400 20
BYU (Brigham Young)

Sam
    $400 7
5

Cris
    $400 17
Better Homes and Gardens

Cris
    $400 25
(Ken: Yes, Woody doesn't miss much.)

Hemsworth

Cris
    $400 27
hard hats

Sam
    $400 15
hallmark

Cris
    $600 12
Tim Hortons

Cris
    $600 6
1/16

Cris
    $600 18
gnome

Cris
    $600 28
(Cris: What's Haim?)

the Jonas Brothers

Cris
Triple Stumper
    $600 16
(the) shark (shield)

Cris
    $600 14
haggard

Holly
    $800 2
Dubai

Sam
    $800 5
(Cris: What is... 8?)
...
(Ken: It's easier to do 75% of 12 which is [*].)

9

Cris
Triple Stumper
    $800 13
Olive Garden

Holly
    $800 19
Finneas

Triple Stumper
    $800 21
nasal aerosol (nasal spray)

Holly
    $800 9
hacienda

Cris
    $1,000 1
Grenada

Cris
    $1000 4
y = 1

Triple Stumper
    $1000 3
Marvin Gardens

Cris
    $1000 11
(Ken: She looks so much like her mom; that's [*].)

Margaret Qualley

Triple Stumper
    $1000 10
improvised explosive devices

Cris
    $1000 8
hackles

Sam

Scores at the first commercial break (after clue 15):

Cris Sam Holly
$5,000 $1,800 $1,400

Scores at the end of the Jeopardy! Round:

Cris Sam Holly
$7,400 $2,800 $2,000

Double Jeopardy! Round responses

ONLY HALF THE BATTLE
2-WORD BOOK TITLES
OUR FLAG MEANS...
SELLIN' IT!
SOME OF THAT JAZZ
UNFRIEND
    $400 13
shields

Cris
    $400 11
Goodnight Moon

Cris
    $400 28
(Cris: What are the Atlantic and Pacific Oceans?)
(Ken: More specifically?)

the Caribbean & Pacific

Cris
    $400 18
Goldfish

Cris
    $400 29
"Summertime"

Cris
    $400 30
hostile

Holly
    $800 12
the Volga

Sam
    $5,600 10
(Holly: [Sighs])
(Ken: Holly?)
(Holly: Um...)
(Ken: ...Maybe you were not hoping for a sports memoir there?)
(Holly: I really was not.)

Ball Four

Holly
    $800 19
a crescent

Cris
    $800 17
ask for by name

Holly
    $800 26
"My Favorite Things"

Cris
    $3,000 27
(Ken: [*] and river come from the same root.)

rival

Cris
    $1200 5
(Cris: What is the Rhine?)

the Marne

Cris
Triple Stumper
    $1200 3
American Psycho

Cris
    $1200 7
Andorra

Cris
    $1200 15
(Sam: What is "We have the meat"?)
(Ken: That's correct--oh, no that's--sorry--I'm sorry--that's not correct.)
...
(Ken: Meats, plural.)

we have the meats

SamHolly
    $1200 21
(Holly: What's "The 'A' Train"? [*]?)

"Take The 'A' Train"

Holly
    $1200 23
(Cris: What is... backstab?)

double-cross

CrisSam
    $1600 4
Thermopylae

Cris
    $1600 1
Vanity Fair

Holly
    $1600 6
the Southern Cross

Cris
    $1600 14
Home Depot

Sam
    $1600 20
"Take Five"

Cris
    $1600 22
antagonist

Cris
    $2000 9
Bull Run

Holly
    $2000 2
Black Boy

Cris
    $2000 8
American Samoa

Cris
    $2000 16
Levi's

Triple Stumper
    $2000 25
"God Bless The Child"

Triple Stumper
    $2000 24
Nemesis

Cris

Scores at the end of the Double Jeopardy! Round:

Cris Sam Holly
$26,400 $5,200 $3,600
(lock game)

[wagering suggestions for these scores]

Final Jeopardy! Round responses

STATES & THE CENSUS
(Ken: [To Cris] Yes, that's where part of the park is located.)
HollyWhat is Bozeman?
$3,599
SamWhat is Flathead?
$2,200
CrisWhat is Yellowstone
$12,221
Yellowstone

Final scores:

Cris Sam Holly
$38,621 $3,000 $1
15-day champion: $526,544 2nd place: $2,000 3rd place: $1,000

Game dynamics:

Coryat scores:

Cris Sam Holly
$24,200 $5,200 $9,200
34 R
(including 2 DDs),
4 W
8 R,
1 W
9 R,
2 W
(including 1 DD)

Combined Coryat: $38,600

[game clues] [game scores] [suggest correction]

Game tape date: 2022-10-10
The J! Archive is created by fans, for fans. Scraping, republication, monetization, and malicious use prohibited; this site may use cookies and collect identifying information. See terms. The Jeopardy! game show and all elements thereof, including but not limited to copyright and trademark thereto, are the property of Jeopardy Productions, Inc. and are protected under law. This website is not affiliated with, sponsored by, or operated by Jeopardy Productions, Inc. Join the discussion at JBoard.tv.